Unique Flags Trivia - Statistics

General Stats
  • This quiz has been taken 19 times
  • The average score is 9 of 16
Answer Stats
Hint Answer % Correct
The only country with a square-shaped flag Switzerland
100%
The only country whose flag is not rectangular Nepal
94%
The country whose flag is nearly identical to Monaco's Indonesia
89%
The only country whose flag features a modern firearm Mozambique
83%
The only country whose flag features human beings Belize
67%
After the U.S., the country whose flag has the most number of stars Brazil
61%
The only country whose flag features a machete Angola
56%
The country whose flag most resembles Japan’s WWII-era flag North Macedonia
56%
The only country whose flag uses turquoise as its field color Kazakhstan
50%
The only country whose flag features a real-world building Cambodia
44%
The only state whose flag is taller than it is wide Vatican City
44%
The only country whose flag is never lowered half-mast or draped over coffins Saudi Arabia
33%
The only country whose flag has different designs front and back Paraguay
28%
The only country whose flag's field colors reverse in wartime Philippines
28%
Apart from Lebanon, the only other country whose flag features a tree Equatorial Guinea
22%
The only country whose flag includes a specific calendar date Guatemala
17%
No matching quizzes found
Score Distribution
Percent of People with Each Score
Percentile by Number Answered
Your Score History
You have not taken this quiz